00333nam a2200085Ia 4500008004100000245007200041260000900113300010500122650002000227180130s9999 xx 000 0 und d cSandholm, Thomas; Lee, DongmanaNotes on cloud computing principles c2016 aBook title: Networking, models and methods of cloud computing--Acession number C20732; pages 241-250 aCLOUD COMPUTING